000 01188nam a22003497a 4500
003 CHAP
005 20220329143602.0
008 100726s1982 us r 00010 eng d
010 _a98893
011 _a99865
020 _a0941942104
035 _a110551
040 _cCHAP
082 0 4 _a615.32
_bH85
100 1 _aHsü, Hung-yüan.
_956559
245 1 0 _aChinese herbal science :
_bits characteristics, diagnosis, and treatment
_c/by Hong-yen Hsu
260 _aCalifornia :
_bOriental Healing Arts Institute,
_c[c1982]
300 _ax, 70 p. :
_bilus.
490 0 _aEducational series on Chinese medicine
_v; 4
590 _aBATCH-UPD
_b10
_c20130110
_lUCH01
_h1137
590 _aBATCH-UPD
_b10
_c20130410
_lUCH01
_h0724
590 _aBATCH-UPD
_b10
_c20130914
_lUCH01
_h0743
590 _aCONVERSION
_b10
_c20130109
_lUCH01
_h1355
650 1 4 _aBotánica médica.
_914680
650 1 4 _aMedicina china.
_973916
650 1 4 _aMedicina tradicional.
_973921
650 1 4 _aTerapéutica fisiológica.
_9112346
830 0 _aEducational series on Chinese medicine
_v; 4
_935700
901 _aBK
942 _cLIBRO
949 _a615.32 H85
_bBC
_cLIBRO
_d33724002169561
_eLIBRO
_h112961
_i110551
_sb
999 _c98893
_d98893